Metodológia hospodárskej vedy a náuky 1999 zborník z celoštátneho vedeckého seminára

Salvato in:
Dettagli Bibliografici
Enti autori: Metodológia hospodárskej vedy a náuky 1999. Celoštátny vedecký seminár, Národohospodárska fakulta EU. Katedra hospodárskej politiky
Altri autori: Choluj, Vladimír
Natura: Libro
Lingua:slovacco
Pubblicazione: Bratislava Vydavateľstvo EKONÓM 1999
Soggetti:
Tags: Aggiungi Tag
Nessun Tag, puoi essere il primo ad aggiungerne!!

MARC

LEADER 00000nam a2200000 4500
001 c117543
005 20240104091808.9
020 |a 80-225-1230-3 
041 0 |a slo 
044 |a SK 
245 1 0 |a Metodológia hospodárskej vedy a náuky 1999  |b zborník z celoštátneho vedeckého seminára  |c zostavovateľ: Vladimír Choluj 
264 1 |a Bratislava  |b Vydavateľstvo EKONÓM  |c 1999 
300 |a 180 s. 
610 2 0 |a metodológia 
610 2 0 |a metodológia vied 
610 2 0 |a veda ekonomická 
610 2 0 |a vzdelávanie 
610 2 0 |a teória ekonomická matematická 
610 2 0 |a politika hospodárska 
610 2 0 |a vedy spoločenské 
610 2 0 |a výskum ekonomický 
610 2 0 |a hospodárstvo trhové 
610 2 0 |a obchod medzinárodný 
610 2 0 |a výučba vedecká 
700 1 |a Choluj, Vladimír 
110 2 |a Metodológia hospodárskej vedy a náuky 1999. Celoštátny vedecký seminár 
710 2 |a Národohospodárska fakulta EU. Katedra hospodárskej politiky